La bolsa de valores en Costa Rica aspectos jurídicos: algunos antecedentes históricos /
Presenta un análisis histórico del desarrollo de la bolsa de valores en Costa Rica . El estudio parte de ña antigüedad hasta la aparición de las primeras bolsas en Londres y Nueva York. Analiza la organización y estructura interna de la bolsa y los cambios ocurridos en su legislación. Expone las cau...
Gardado en:
| Autor Principal: | |
|---|---|
| Formato: | Tesis |
| Publicado: |
San José:
Universidad de Costa Rica
|
| Etiquetas: |
Engadir etiqueta
Sen Etiquetas, Sexa o primeiro en etiquetar este rexistro!
|
MARC
| LEADER | 00000 a a2200000 04500 | ||
|---|---|---|---|
| 001 | 20700 | ||
| 003 | |||
| 040 | |||
| 090 | |a 08791.00 | ||
| 100 | |a Sáncho Juarez, José Rafael | ||
| 245 | |a La bolsa de valores en Costa Rica aspectos jurídicos: algunos antecedentes históricos / |c José Rafael Sáncho Juarez | ||
| 260 | |a San José: |b Universidad de Costa Rica | ||
| 300 | |a 208 páginas | ||
| 502 | |a Tesis (Licenciado en Derecho) -- Universidad de Costa Rica. Facultad de Derecho, 1977 | ||
| 520 | |a Presenta un análisis histórico del desarrollo de la bolsa de valores en Costa Rica . El estudio parte de ña antigüedad hasta la aparición de las primeras bolsas en Londres y Nueva York. Analiza la organización y estructura interna de la bolsa y los cambios ocurridos en su legislación. Expone las causas por las cuales la bolsa costarricense no ha tenido el desarrollo esperado y porque a escapado al control de Estado, hace comparaciones entre el funcionamiento de la bolsa costarricense y la de otros países de Centroamérica. Establece las confusiones que se han dado entre los términos de bolsa y lonja | ||
| 999 | |c 18033 |d 18033 | ||
